书目信息 |
| 题名: |
全国计算机等级考试二级教程
|
|
| 作者: | 高玉金 主编 | |
| 分册: | ||
| 出版信息: | 北京 高等教育出版社 2015 |
|
| 页数: | 157页 | |
| 开本: | 26cm | |
| 丛书名: | ||
| 单 册: | ||
| 中图分类: | TP3 , TP393.092.2 | |
| 科图分类: | ||
| 主题词: | 电子计算机--等级考试--教材 , 网页制作工具--程序设计--等级考试--教材 | |
| 电子资源: | ||
| ISBN: | 978-7-04-044299-1 | |
| 000 | 00886nam0 2200253 450 | |
| 001 | 0103786309 | |
| 005 | 20160617132538.0 | |
| 010 | @a978-7-04-044299-1@dCNY24.00 | |
| 100 | @a20160318d2015 em y0chiy0120 ea | |
| 101 | 0 | @achi |
| 102 | @aCN@b110000 | |
| 105 | @ay z 000yy | |
| 106 | @ar | |
| 200 | 1 | @a全国计算机等级考试二级教程@9Quan Guo Ji Suan Ji Deng Ji Kao Shi Er Ji Jiao Cheng @e2016年版@f高玉金主编@b专著 |
| 210 | @a北京@c高等教育出版社@d2015 | |
| 215 | @a157页@d26cm | |
| 330 | @a本书共7章,内容包括:Web技术基础、HTTP协议基础、HTML语言基础、CSS基础、JavaScript语言基础、动态网页技术概述、考试指导等。 | |
| 606 | 0 | @a电子计算机@x等级考试@j教材 |
| 606 | 0 | @a网页制作工具@x程序设计@x等级考试@j教材 |
| 690 | @aTP3@v5 | |
| 690 | @aTP393.092.2@v5 | |
| 701 | 0 | @a高玉金@f(1974~)@4主编@9gao yu jin |
| 801 | 0 | @aCN@bAZmarc@c20230903 |
| 905 | @aBZT@dTP3@e216@f1@sTP3/216 | |
| 全国计算机等级考试二级教程:2016年版/高玉金主编.-北京:高等教育出版社,2015 |
| 157页;26cm |
| ISBN 978-7-04-044299-1:CNY24.00 |
| 本书共7章,内容包括:Web技术基础、HTTP协议基础、HTML语言基础、CSS基础、JavaScript语言基础、动态网页技术概述、考试指导等。 |
| ● |
| 相关链接 |
|
|
|
正题名:全国计算机等级考试二级教程
索取号:TP3/216
 
预约/预借
| 序号 | 登录号 | 条形码 | 馆藏地/架位号 | 状态 | 备注 |
| 1 | 2000000969 | 2000000969 | 旧书回溯/ [索取号:TP3/216] | 在馆 |